| 000 | 00386 a2200145 4500 | ||
|---|---|---|---|
| 999 |
_c325421 _d325421 |
||
| 001 | 90348 | ||
| 003 | NUST | ||
| 082 | _a892.7 ABU | ||
| 100 |
_aAbul Hassan Mansoor Ahmad _99279 |
||
| 245 |
_aAlif Laila o Laila (Vol-VII) _hUrdu _bAik Hazaar Aik Dastaan |
||
| 250 | _aVol-VII | ||
| 260 |
_aLahore _bTahleeqaat Publishers _c2011 |
||
| 300 | _a243p. | ||
| 500 | _aGeneral Books | ||
| 942 |
_aCAE NUST _cBK _k892.7 ABU _2ddc |
||